书目信息 |
| 题名: |
中国语言学论文索引
|
|
| 作者: | ;中国社会科学院语言研究所 编 | |
| 分册: | 乙编 | |
| 出版信息: | 北京 商务印书馆 1978 |
|
| 页数: | 326页 | |
| 开本: | 26cm | |
| 丛书名: | ||
| 单 册: | ||
| 中图分类: | Z89:H , H-7 | |
| 科图分类: | ||
| 主题词: | 语言学-篇名索引--中国 , 篇名索引-语言学--中国 , 文字 | |
| 电子资源: | ||
| ISBN: | ||
| 000 | 00808nam0 2200289 45 | |
| 001 | 0178005051 | |
| 005 | 20040312101838.4 | |
| 010 | @dCNY2.00 | |
| 091 | @a9017.847 | |
| 100 | @a19950727d1978 kemy0chiy0121 ea | |
| 101 | 0 | @achi |
| 102 | @aCN@b110000 | |
| 105 | @ay c 000yy | |
| 106 | @ar | |
| 200 | 10 | @a中国语言学论文索引@Azhong guo yu yan xue lun wen suo yin@h乙编@f中国社会科学院语言研究所编 |
| 205 | @a新1版@b增订本 | |
| 210 | @a北京@c商务印书馆@d1978 | |
| 215 | @a326页@d26cm | |
| 300 | @a国内发行 | |
| 606 | @a语言学-篇名索引@y中国 | |
| 606 | @a篇名索引-语言学@y中国 | |
| 606 | 0 | @a文字 |
| 690 | @aZ89:H@v3 | |
| 690 | @aH-7 | |
| 711 | 02 | @a中国社会科学院语言研究所@Azhong guo she hui ke xue yuan yu yan yan jiusuo@4编 |
| 801 | 0 | @aCN@bNLC@c20040312 |
| 905 | @f1@b6877@dH-7@e1:2 | |
| 中国语言学论文索引.乙编/中国社会科学院语言研究所编.-新1版,增订本.-北京:商务印书馆,1978 |
| 326页;26cm |
| 国内发行 |
| ISBN :CNY2.00 |
| ● |
| 相关链接 |
|
|
|
|
正题名:中国语言学论文索引
索取号:H-7/1:2
 
预约/预借
| 序号 | 登录号 | 条形码 | 馆藏地/架位号 | 状态 | 备注 |
| 1 | 0006877 | 001900429 | 密集书库/ [索取号:H-7/1:2] | 在馆 |